000 00789nam a2200193Ia 4500
003 GCL
008 140319s9999 xx 000 0 ara d
040 _aGCL /
_cGCL
082 0 4 _aق
_b953.08
_bا ك
100 1 _aاحمد الدمرداشى كتخدا عزبان
245 1 0 _aكتاب الدرة المصانة (مرفق داخل سلسلة نصوص عربية ودراسات اسلامية العدد 28 , 1989 /
_cاحمد الدمرداشى كتخدا عزبان
700 1 _aعبدالرحيم عبدالرحمن عبدالرحيم
260 _a[S.N] :
_bالمعهد الفرنسى للاثار الشرقية ،
_c1989
300 _a303 ص
490 _aنصوص عربية ودراسات اسلامية
_v0
650 0 4 _aمصر
650 0 4 _aتاريخ
942 _2ddc
_cBK
999 _c30450
_d30450